000 00349nam a2200121Ia 4500
008 220217s9999||||xx |||||||||||||| ||und||
082 _a621.381 GKP
100 _aGK publications
245 0 _aGATE - 2008 Electronics & communication engineering
260 _aGK publications
_bNoida
_c2007
300 _b540
650 _aEXAM BOOKS/GRE/CAT/GATE
999 _c175518
_d175518